A guide to recycling commercial construction waste (Record no. 102241)

MARC details
000 -LEADER
fixed length control field 00833cam a2200205 4500
001 - CONTROL NUMBER
control field J119055
008 - FIXED-LENGTH DATA ELEMENTS--GENERAL INFORMATION
fixed length control field 020726s2003 000 0 eng u
035 ## - SYSTEM CONTROL NUMBER
System control number (Sirsi) u119059
050 ## - LIBRARY OF CONGRESS CALL NUMBER
Classification number 614.76
110 ## - MAIN ENTRY--CORPORATE NAME
Corporate name or jurisdiction name as entry element Royal Institution of Chartered Surveyors
9 (RLIN) 4900
245 #2 - TITLE STATEMENT
Title A guide to recycling commercial construction waste
260 ## - PUBLICATION, DISTRIBUTION, ETC.
Place of publication, distribution, etc. London
Name of publisher, distributor, etc. RICS
Date of publication, distribution, etc. 2003
300 ## - PHYSICAL DESCRIPTION
Extent 1 folded sheet
-- [4]p.
Dimensions 30cm.
350 ## - PRICE (NR) (BK AM CF MU VM SE) [OBSOLETE]
Price 0
520 ## - SUMMARY, ETC.
Summary, etc. Leaflet produced by the RICS Building Control Faculty advocating the 'Four R' strategy: reduce; reclaim; re-use; recycle.
690 ## - LOCAL SUBJECT ADDED ENTRY--TOPICAL TERM (OCLC, RLIN)
Topical term or geographic name as entry element BUILT ENVIRONMENT-BUILDING MATERIALS
710 ## - ADDED ENTRY--CORPORATE NAME
Corporate name or jurisdiction name as entry element Department for Transport, Local Government and the Regions
9 (RLIN) 4091
856 ## - ELECTRONIC LOCATION AND ACCESS
Uniform Resource Identifier <a href="https://www.rics.org/site/download_feed.aspx?fileID=336">https://www.rics.org/site/download_feed.aspx?fileID=336</a>
Public note View the full document free of charge at www.rics.org...
942 ## - ADDED ENTRY ELEMENTS (KOHA)
Suppress in OPAC 0
Holdings
Withdrawn status Lost status Source of classification or shelving scheme Damaged status Not for loan Home library Current library Shelving location Date acquired Total Checkouts Full call number Barcode Date last seen Copy number Price effective from Koha item type Date last checked out
    Dewey Decimal Classification     London London RICS Boxes 26/07/2002   RICS 2001/67 30066324 06/08/2019 1 06/08/2019 Archive  
    Dewey Decimal Classification     London London RICS Boxes 08/11/2004 1 RICS 2001/67 30062822 06/08/2019 2 06/08/2019 Book 08/11/2004
    Dewey Decimal Classification     London London RICS Boxes 07/04/2005   RICS 2001/67 30070218 06/08/2019 3 06/08/2019 Book